Vista normal Vista MARC

Entrada Materia (personas)

Número de registros utilizados en: 2

001 - CONTROL NUMBER

  • control field: 81112

003 - CONTROL NUMBER IDENTIFIER

  • control field: Co-BoUCM

005 - DATE AND TIME OF LATEST TRANSACTION

  • control field: 20161013114654.0

008 - FIXED-LENGTH DATA ELEMENTS

  • fixed length control field: 161013|| aca||aabn | a|a d

040 ## - CATALOGING SOURCE

  • Original cataloging agency: Co-BoUCM
  • Transcribing agency: Co-BoUCM

100 ## - HEADING--PERSONAL NAME

  • Personal name: Veiga, Francisco

670 ## - SOURCE DATA FOUND

  • Source citation: Work cat.: (Co-BoUCM)67310: Veiga, Francisco, La paz simulada una historia de la guerra fría 1941-1991, 2006